<?xml version="1.0" encoding="UTF-8"?><?xml-stylesheet type="text/xsl" href="static/style.xsl"?><OAI-PMH xmlns="http://www.openarchives.org/OAI/2.0/" xmlns:xsi="http://www.w3.org/2001/XMLSchema-instance" xsi:schemaLocation="http://www.openarchives.org/OAI/2.0/ http://www.openarchives.org/OAI/2.0/OAI-PMH.xsd"><responseDate>2026-04-27T12:29:42Z</responseDate><request verb="GetRecord" identifier="oai:uvadoc.uva.es:10324/6629" metadataPrefix="marc">https://uvadoc.uva.es/oai/request</request><GetRecord><record><header><identifier>oai:uvadoc.uva.es:10324/6629</identifier><datestamp>2021-06-18T09:35:25Z</datestamp><setSpec>com_10324_38</setSpec><setSpec>col_10324_787</setSpec></header><metadata><record xmlns="http://www.loc.gov/MARC21/slim" xmlns:doc="http://www.lyncode.com/xoai" xmlns:xsi="http://www.w3.org/2001/XMLSchema-instance" xmlns:dcterms="http://purl.org/dc/terms/" xsi:schemaLocation="http://www.loc.gov/MARC21/slim http://www.loc.gov/standards/marcxml/schema/MARC21slim.xsd">
<leader>00925njm 22002777a 4500</leader>
<datafield tag="042" ind1=" " ind2=" ">
<subfield code="a">dc</subfield>
</datafield>
<datafield tag="720" ind1=" " ind2=" ">
<subfield code="a">Cejudo Lara, Laurentino</subfield>
<subfield code="e">author</subfield>
</datafield>
<datafield tag="260" ind1=" " ind2=" ">
<subfield code="c">2014</subfield>
</datafield>
<datafield tag="520" ind1=" " ind2=" ">
<subfield code="a">El presente trabajo expone los resultados del estudio de las diferentes cartografías existentes para la detección de la alteración de los límites de las vías pecuarias en el municipio de Madrigal del Monte (Burgos), mediante el empleo de sistemas de información geográfica (S.I.G.) por ser la herramienta más apropiada para el almacenamiento, gestión y análisis de información georreferenciada de un territorio. A partir de los planos cartográficos y fotografía aérea encontrados en las distintas Administraciones Públicas, se procede a su georreferenciación y posterior vectorización de los límites de las Vías Pecuarias trazados en dichas cartografías, para de esta forma, poder contrastar las diferencias encontradas. En este sentido podemos avanzar que la superficie actual asignada por catastro es un 3,5% inferior a la detectada en la cartografía más antigua, disminuyendo también los anchos medios. En dos casos se ha encontrado una modificación sustancial del trazado.</subfield>
</datafield>
<datafield tag="024" ind2=" " ind1="8">
<subfield code="a">http://uvadoc.uva.es/handle/10324/6629</subfield>
</datafield>
<datafield ind1=" " ind2=" " tag="653">
<subfield code="a">Vías pecuarias-España-Burgos</subfield>
</datafield>
<datafield tag="245" ind1="0" ind2="0">
<subfield code="a">Detección de límites cartográficos alterados en vías pecuarias. Caso concreto en Madrigal del Monte (Burgos)</subfield>
</datafield>
</record></metadata></record></GetRecord></OAI-PMH>